Регионална библиотека "Любен Каравелов" - Русе

Тайните на тракийския език - Орфей проговаря (Запис номер 437487)

MARC детайли
000 -Лидер
Контролно поле с фиксирана дължина 01133nam a2200325 c 4500
003 - Код на организацията, давaща контролен номер
Контролно поле BLK
005 - Дата и час на последна редакция
Контролно поле 20240917111729.0
008 - Елементи от данни с фиксирана дължина
fixed length control field 180410b bul|||||r ||||||| ||bul||
010 ## - Наследен системен номер
LC control number KNG00166828000
020 ## - Международен стандартен номер на книга ISBN
Международен стандартен номер на книга ISBN 9786197624014
040 ## - Източник на каталожния запис
Идентификатор на билиотеката - собственик на записа BLK
041 ## - Код за език
Код за езика на текст/звукозапис или на отделно заглавие Български
Код за езика КДБФ Български
080 ## - УДК
Текстов определител УДК Тракийски език
УДК код - определител по УДК 811.29
УДК - код + определител 811.29
100 1# - Редна дума - Автор
Автор Серафимов, Павел
Авторска отговорност първи автор
R(LIN) 334572
139 ## - Редно поле
Редна дума Серафимов, Павел
Авторски знак Сер - С 34
245 10 - Сведения за заглавието
Заглавие Тайните на тракийския език - Орфей проговаря
Редно поле (дума) Павел Серафимов.
Том Т. 2
257 ## - Страна на издаване
Страна на създаване/издаване България
260 ## - Област на издателските данни
Име на издателя, разпространителя и проч. Атеа Букс
Година на издаване 2021
9 (RLIN) 215836
Място на издаване, разпространение и проч. София
Издателство - префикс ISBN 978-619-7280- ; 978-954-8999-
300 ## - Физическа характеристика
Страници 532 с.
Илюстрации и др. с ил.
Размери/Мащаб 21 см
380 ## - Жанр
Жанр История
650 #4 - Допълнително описание по предмет – тема
Основно описание – тема или топоним Траки
9 (RLIN) 173862
650 #4 - Допълнително описание по предмет – тема
Основно описание – тема или топоним България - история - популярна литература
9 (RLIN) 258393
651 #4 - Допълнително описание по предмет - топоним
Географско понятие България
9 (RLIN) 241624
653 ## - Ключова дума – ненормативна
Ключова дума траки
653 #7 - Ключова дума – ненормативна
Ключова дума тракийски език
9 (RLIN) 198555
999 ## - СИСТЕМНИ КОНТРОЛНИ НОМЕРА
Koha biblionumber 437487
Koha biblioitemnumber 437487
942 ## - АРТИКУЛИ
Вид на библиотечния материал Книги
Скрит в OPAC Не
Koha issues (borrowed), all copies 5
Периодичен библиозапис Да
944 ## - СЪЗДАВАНЕ И РЕДАКЦИЯ на ЗАПИСА
Създаване/Редакция Създаване
Дата на регистрацията/редакция 2021-11-18
Служител, извършил регистрацията/редакцията 30575
Статус, дата на статуса Мартин Енчев
999 ## - СИСТЕМНИ КОНТРОЛНИ НОМЕРА
Koha biblioitemnumber 437487
999 ## - СИСТЕМНИ КОНТРОЛНИ НОМЕРА
Koha biblioitemnumber 437434
Наличности
Код за отписване Код за изгубен артикул Източник на класификационната схема Код за повреда Коз за рестрикции Код за отдаване Артикулен № Име на библиотеката - собственик Име на библиотеката, в която се намира в момента Статус (Текущо местоположение) Дата на вписване в системата Местоположение - отдел Цена в лева Систематично азбучна сигнатура Баркод Цена в евро Служебен тип на артикула
  Не е изгубен Universal Decimal Classification Не е повреден без рестрикции заемане за дома 862867 Регионална библиотека "Любен Каравелов" Русе Регионална библиотека "Любен Каравелов" Русе Заемна - подръчен фонд 2021-11-19 Заемна - подръчен фонд 19.50 811/С 34 П 120000862994 9.97 Книги
Vip Innovations Ltd, Rousse, Bulgaria 2025